书目信息 |
| 题名: |
EDA技术实用教程
|
|
| 作者: | 潘松 , 黄继业 编著 | |
| 分册: | ||
| 出版信息: | 北京 科学出版社 2006.9 |
|
| 页数: | 14,395页 | |
| 开本: | 26cm | |
| 丛书名: | ||
| 单 册: | ||
| 中图分类: | TN702.2 | |
| 科图分类: | ||
| 主题词: | 电子电路--计算机辅助设计--高等教育--教材 , 电子电路 , 计算机辅助设计 | |
| 电子资源: | ||
| ISBN: | 978-7-03-038212-2 | |
| 000 | 01057nam0 2200313 450 | |
| 001 | 0400003321 | |
| 005 | 20171025151444.85 | |
| 010 | @a978-7-03-038212-2@dCNY42.00 | |
| 090 | @aTN7@bps | |
| 100 | @a20140429e20102006em y0chiy50 ea | |
| 101 | 0 | @achi |
| 102 | @aCN@b110000 | |
| 105 | @ay z 000yy | |
| 106 | @ar | |
| 200 | 1 | @aEDA技术实用教程@9EDA ji shu shi yong jiao cheng@eVHDL版@f潘松,黄继业编著 |
| 205 | @a第5版 | |
| 210 | @a北京@c科学出版社@d2006.9@h2010.6 | |
| 215 | @a14,395页@d26cm | |
| 300 | @a“十二五”普通高等教育本科国家级规划教材 | |
| 330 | @a本书包括EDA的基本知识、常用EDA工具的使用方法和目标器件的结构原理、以向导形式和实例为主的方法介绍的多种不同的设计输入方法、对VHDL的设计优化以及基于EDA技术的典型设计项目。 | |
| 606 | 0 | @a电子电路@x计算机辅助设计@x高等教育@j教材 |
| 606 | 0 | @a电子电路 |
| 606 | 0 | @a计算机辅助设计 |
| 610 | 0 | @aEDA |
| 690 | @aTN702.2@v5 | |
| 701 | 0 | @a潘松@9pan song@f(1953~)@4编著 |
| 701 | 0 | @a黄继业@9huang ji ye@4编著 |
| 801 | 0 | @aCN@bNLC@c20171022 |
| 905 | @b1022625-9@dTN702.2@f5@e324=5 | |
| EDA技术实用教程:VHDL版/潘松,黄继业编著.-第5版.-北京:科学出版社,2006.9(2010.6) |
| 14,395页;26cm |
| “十二五”普通高等教育本科国家级规划教材 |
| ISBN 978-7-03-038212-2:CNY42.00 |
| 本书包括EDA的基本知识、常用EDA工具的使用方法和目标器件的结构原理、以向导形式和实例为主的方法介绍的多种不同的设计输入方法、对VHDL的设计优化以及基于EDA技术的典型设计项目。 |
| ● |
| 相关链接 |
|
|
|
|
正题名:EDA技术实用教程
索取号:TN702.2/324=5
 
预约/预借
| 序号 | 登录号 | 条形码 | 馆藏地/架位号 | 状态 | 备注 |
| 1 | 1022625 | 210226254 | 第二样本阅览室/ [索取号:TN702.2/324=5] | 在馆 | |
| 2 | 1022626 | 210226263 | 密集书库-物理学院/ [索取号:TN702.2/324=5] | 在馆 | |
| 3 | 1022627 | 210226272 | 第三借阅区/ [索取号:TN702.2/324=5] | 在馆 | |
| 4 | 1022628 | 210226281 | 第三借阅区/ [索取号:TN702.2/324=5] | 在馆 | |
| 5 | 1022629 | 210226290 | 第三借阅区/ [索取号:TN702.2/324=5] | 在馆 |